Juha Vainio - Statistics

Yleistilastot
  • Tätä visaa on pelattu 33 kertaa
  • Keskiarvotulos 7 / 12
Vastaustilastot
Hint Vastaus % Oikein
Mikä oli hänen tunnettu lempinimensä Watt
92%
Maa, jossa hän kuoli sydänkohtaukseen Sveitsi
88%
Missä hän syntyi Kotka
85%
MIkä hän oli ammatiltaan Opettaja
81%
Kappale, jossa Vainio laulaa kadotetusta nuoruudesta Albatrossi
73%
Hänen läheisin ystävänsä, joka mainitaan mm. laulussa Vanhojapoikia viiksekkäitä Nestori Miikkulainen
69%
Vainion poika, joka on myös laulaja Ilkka Vainio
65%
Jääkiekkojoukkue, jota hän kannatti pitkään elämänsä aikana Tappara
58%
Kappale, jossa hän laulaa miehisistä ongelmista Matkalla Pohjoiseen
50%
Mistä hän oli todella riippuvainen Viina
46%
Peitenimi, jonka alla hän teki "pahojen poikien lauluja 1-2" albumit Junnu Kaihomieli
23%
Kiertue, jonka Vainio teki yhdessä Irwin Goodmanin ja Vexi Salmen kanssa Kansalle Mitä Kansa Haluaa
12%
Ehtoja vastaavia visoja ei löytynyt
Tulosjakauma
Jokaisen tuloksen saaneiden osuus
Persentiili vastausten määrän mukaan
Tuloshistoriasi
Et ole pelannut tätä visaa